Sports Quiz

Random Sports or Football Quiz

Most receiving yards in a career Quiz Stats

 Plays Quiz not verified by Sporcle

Score 0/10 Timer 03:00
0 Plays Today
Yards Player % Correct
22,895Jerry Rice
97.6%
14,858Randy Moss
97.1%
15,934Terrell Owens
82.4%
13,899Cris Carter
67.3%
14,580Marvin Harrison
55.2%
14,934Tim Brown
48.8%
13,382Torry Holt
39.1%
15,208Isaac Bruce
38.4%
14,004James Lofton
13.6%
13,777Henry Ellard
8.5%

You're not logged in!

Compare scores with friends on all Sporcle quizzes.
OR
Log In

Show Comments

Extras

Top Quizzes Today


Score Distribution

Your Account Isn't Verified!

In order to create a playlist on Sporcle, you need to verify the email address you used during registration. Go to your Sporcle Settings to finish the process.

Report this User

Report this user for behavior that violates our Community Guidelines.

Details: